Talent manažment ako nástroj rozvíjania schopnosti zamestnancov
Ľudské zdroje ako hlavné elementy v zabezpečení cieľov podniku. Definície pojmu talent. Talent manažment. Stratéga talent manažmentu. Kľúčové procesy v talent manažmente.
Enregistré dans:
| Auteur principal: | |
|---|---|
| Format: | Chapitre de livre |
| Langue: | slovaque |
| Sujets: | |
| Tags: |
Pas de tags, Soyez le premier à ajouter un tag!
|
MARC
| LEADER | 00000naa$a2200000$$$4500 | ||
|---|---|---|---|
| 001 | 0197232 | ||
| 005 | 20240502073330.9 | ||
| 041 | 0 | |a slo | |
| 044 | |a SK | ||
| 245 | 1 | 0 | |a Talent manažment ako nástroj rozvíjania schopnosti zamestnancov |c Martina Beňová |
| 520 | |a Ľudské zdroje ako hlavné elementy v zabezpečení cieľov podniku. Definície pojmu talent. Talent manažment. Stratéga talent manažmentu. Kľúčové procesy v talent manažmente. | ||
| 610 | 2 | 0 | |a zdroje ľudské |
| 610 | 2 | 0 | |a talenty |
| 610 | 2 | 0 | |a talent manažment |
| 610 | 2 | 0 | |a zamestnanci |
| 610 | 2 | 0 | |a schopnosti pracovné |
| 610 | 2 | 0 | |a manažment |
| 100 | 1 | |a Beňová, Martina | |